UM Logo

American government and politics today: (Record no. 6829)

MARC details
000 -LEADER
fixed length control field 00705nam a2200193 4500
008 - FIXED-LENGTH DATA ELEMENTS--GENERAL INFORMATION
fixed length control field 170503b xxu||||| |||| 00| 0 eng d
020 ## - INTERNATIONAL STANDARD BOOK NUMBER
International Standard Book Number 0-314-06948-8
082 ## - DEWEY DECIMAL CLASSIFICATION NUMBER
Edition number 1996
Classification number DC 320.973
Item number B23
100 ## - MAIN ENTRY--PERSONAL NAME
9 (RLIN) 20667
Personal name Bardes, Barbara A.
245 ## - TITLE STATEMENT
Title American government and politics today:
Remainder of title the essentials/
Statement of responsibility, etc. Bardes, Barbara A.[and two others]
250 ## - EDITION STATEMENT
Edition statement 1996-1997 Ediotion.
260 ## - PUBLICATION, DISTRIBUTION, ETC. (IMPRINT)
Place of publication, distribution, etc. Minneapolis:
Name of publisher, distributor, etc. West Publishing Company,
Date of publication, distribution, etc. c1996.
300 ## - PHYSICAL DESCRIPTION
Extent xxxviii, 622 pages:
Other physical details color illustrations;
Dimensions 25 cm.
500 ## - GENERAL NOTE
General note includes glossary and index.
650 #0 - SUBJECT ADDED ENTRY--TOPICAL TERM
9 (RLIN) 20669
Topical term or geographic name as entry element Politics and government
Geographic subdivision United States.
700 ## - ADDED ENTRY--PERSONAL NAME
9 (RLIN) 20670
Personal name Shelley, Mack C.
700 ## - ADDED ENTRY--PERSONAL NAME
9 (RLIN) 20671
Personal name Schmidt, Steffen W.
942 ## - ADDED ENTRY ELEMENTS (KOHA)
Source of classification or shelving scheme Dewey Decimal Classification
Koha item type Circulation
Holdings
Withdrawn status Lost status Source of classification or shelving scheme Damaged status Not for loan Collection code Home library Current library Date acquired Source of acquisition Total Checkouts Full call number Barcode Date last seen Copy number Price effective from Koha item type
    Dewey Decimal Classification     Circulation UM Digos College - LIC UM Digos College - LIC 09/11/2003 Donated   DC 320.973 B23 1996 15816 05/15/2025 2 05/03/2017 Circulation
    Dewey Decimal Classification     Circulation UM Digos College - LIC UM Digos College - LIC 09/11/2003 Donated   DC 320.973 B23 1996 15815 05/15/2025 1 05/03/2017 Circulation